Un dramaturgo olvidado (Record no. 170532)

MARC details
000 -LEADER
campo de control de longitud fija 00878nam a22002295i 4500
001 - NÚMERO DE CONTROL
campo de control 170532
003 - IDENTIFICADOR DE NÚMERO DE CONTROL
campo de control ES-MaACL
005 - FECHA Y HORA DE LA ÚLTIMA TRANSACCIÓN
campo de control 20230906214406.0
008 - DATOS DE LONGITUD FIJA--INFORMACIÓN GENERAL
campo de control de longitud fija 090312s1923 ag |||| | spa d
080 ## - NÚMERO DE LA CLASIFICACIÓN DECIMAL UNIVERSAL
Número de la Clasificación Decimal Universal 821.134.2(82) Fernández, Francisco 2.07
100 0# - ENTRADA PRINCIPAL--NOMBRE DE PERSONA
Nombre de persona Rojas, Ricardo.
9 (RLIN) 99058
245 13 - MENCIÓN DEL TÍTULO
Título Un dramaturgo olvidado
Resto del título : Don Francisco Fernández y sus "obras dramáticas" /
Mención de responsabilidad, etc. por Ricardo Rojas.
260 ## - PUBLICACIÓN, DISTRIBUCIÓN, ETC.
Lugar de publicación, distribución, etc. Buenos Aires :
Nombre del editor, distribuidor, etc. Instituto de Literatura Argentina,
Fecha de publicación, distribución, etc. 1923.
300 ## - DESCRIPCIÓN FÍSICA
Extensión 23 p., [1] h. de lám. ;
Dimensiones 23 cm.
490 1# - MENCIÓN DE SERIE
Mención de serie Sección crítica. ;
Designación de volumen o secuencia T.I, nº 1
500 ## - NOTA GENERAL
Nota general Retr. de D. Franciscio Fernández.
600 14 - PUNTO DE ACCESO ADICIONAL DE MATERIA--NOMBRE DE PERSONA
Nombre de persona Fernández, Francisco.
9 (RLIN) 49363
710 2# - ENTRADA AGREGADA--NOMBRE DE ENTIDAD CORPORATIVA
Nombre de entidad corporativa o nombre de jurisdicción como elemento de entrada Universidad de Buenos Aires.
Unidad subordinada Instituto de Literatura Argentina.
9 (RLIN) 139614
830 0# - PUNTO DE ACCESO ADICIONAL DE SERIE-TÍTULO UNIFORME
Título uniforme Sección crítica. ;
Designación de volumen o secuencia T.I, nº 1
9 (RLIN) 188947
852 ## - LOCALIZACIÓN
Ubicación ES-MaACL
Número de control de estantería C-8234(1)
Holdings
Estatus retirado Estado de pérdida Estado de daño No para préstamo Biblioteca de origen Biblioteca actual Ubicación en estantería Fecha de adquisición Fuente de adquisición Total de préstamos Signatura topográfica completa Código de barras Visto por última vez Precio de reemplazo Tipo de ítem Koha
        Biblioteca del Ateneo de Madrid Biblioteca del Ateneo de Madrid Sala Palomar 12/03/2009     C-8234(1) 1178963 23/02/2023 23/02/2023 Libro impreso